[Event "IPCA Wch 21st"]
[Site "Ashdod"]
[Date "2022.05.09"]
[Round "1"]
[White "Volodarsky, Michael"]
[Black "Srimskov, Elishar"]
[Result "0-1"]
[WhiteElo "1400"]
[BlackElo "1992"]
[PlyCount "56"]
[EventDate "2022.05.09"]
[EventType "swiss"]
[EventRounds "9"]
[EventCountry "ISR"]
[SourceTitle "CBM 208 Extra"]
[Source "ChessBase"]
[SourceDate "2022.07.31"]
[SourceVersion "1"]
[SourceVersionDate "2022.07.31"]
[SourceQuality "1"]

1. d4 Nf6 2. c4 g6 3. Nc3 Bg7 4. e4 d6 5. g3 0-0 6. Bg2 Nbd7 7. Nf3 e5 8. 0-0 exd4 9. Nxd4 Nc5 10. Re1 Re8 11. f3 a5 12. Bf4 Nfd7 13. Nb3 Ne6 14. Be3 Ne5 15. Qe2 a4 16. Nc1 a3 17. Rb1 axb2 18. Qxb2 Nxc4 19. Qb3 Nxe3 20. Bh3 Nd4 21. Qb2 Nxf3+ 22. Kf2 Nxe1 23. Kxe1 Bxh3 24. Qd2 Nc4 25. Qd3 Bxc3+ 26. Qxc3 Rxe4+ 27. Kd1 Ne3+ 28. Kd2 Qg5 0-1